| 000 | 00000nas 2200000za 4500 |
| 001 | 9.504206 |
| 003 | CaOODSP |
| 005 | 20230209142031 |
| 007 | cr ||||||||||| |
| 008 | 150406d19961996xxc|| m o||||f| |0fre|d |
| 040 | |aCaOODSP|bfre |
| 043 | |an-cn--- |
| 086 | 1 |aEn49-26F-PDF |
| 110 | 1 |aCanada. |bEnvironnement Canada. |bService de la protection de l'environnement. |
| 245 | 10|aSérie de la protection de l'environnement. Réfrigération et climatisation. |
| 264 | 1|aOttawa - Ontario : |bEnvironnement Canada |
| 310 | |aIrrégulier |
| 362 | 1 |aParaît depuis et ne paraît plus après juillet 1996. |
| 775 | 08|tEnvironmental protection series. Refrigeration and air conditioning.|w(CaOODSP)9.507826 |